[Event "Maraba op 1st"]
[Site "Maraba"]
[Date "2014.06.01"]
[Round "6"]
[White "Melo, Wladimir"]
[Black "Ferreira, Pedro Henrique"]
[Result "0-1"]
[WhiteElo "1928"]
[BlackElo "1800"]
[PlyCount "35"]
[EventDate "2014.05.30"]
[EventType "swiss"]
[EventRounds "6"]
[EventCountry "BRA"]
[SourceTitle "CBM 160 Extra"]
[Source "ChessBase"]
[SourceDate "2014.07.01"]
[SourceVersion "1"]
[SourceVersionDate "2014.07.01"]
[SourceQuality "1"]

1. e4 e5 2. Nf3 Nc6 3. d4 exd4 4. Nxd4 Bc5 5. Be3 Qf6 6. c3 Nge7 7. Nf5 Bxe3 8. Nxe3 d6 9. Bd3 0-0 10. 0-0 Ng6 11. Nd2 Nf4 12. Bc2 Ne5 13. Nf3 Bg4 14. Nxg4 Nxg4 15. Nd4 h5 16. g3 Nh3+ 17. Kg2 Ng5 18. f3 0-1

[Event "Maraba op 1st"]
[Site "Maraba"]
[Date "2014.05.31"]
[Round "4"]
[White "Nunes, Mauricio Leite"]
[Black "Melo, Wladimir"]
[Result "0-1"]
[WhiteElo "1753"]
[BlackElo "1928"]
[PlyCount "31"]
[EventDate "2014.05.30"]
[EventType "swiss"]
[EventRounds "6"]
[EventCountry "BRA"]
[SourceTitle "CBM 160 Extra"]
[Source "ChessBase"]
[SourceDate "2014.07.01"]
[SourceVersion "1"]
[SourceVersionDate "2014.07.01"]
[SourceQuality "1"]

1. e4 e5 2. Nf3 d6 3. Nc3 Bg4 4. Bb5+ Nd7 5. h3 Bh5 6. g4 Bg6 7. d3 Ne7 8. Bg5 Ng8 9. Nh4 Ne7 10. Nxg6 hxg6 11. Be3 a6 12. Bxd7+ Kxd7 13. Nd5 Nxd5 14. exd5 f6 15. Qf3 Qe7 16. 0-0-0 0-1

[Event "Brazil Imperatriz op"]
[Site "Brazil"]
[Date "2002.07.27"]
[Round "4"]
[White "Melo, Wladimir"]
[Black "Damous, Felipe Soares"]
[Result "1-0"]
[WhiteElo "1879"]
[BlackElo "1829"]
[PlyCount "56"]
[EventDate "2002.07.??"]
[EventType "swiss"]
[EventRounds "7"]
[EventCountry "BRA"]
[SourceTitle "EXT 2006"]
[Source "ChessBase"]
[SourceDate "2005.11.24"]
[SourceVersion "1"]
[SourceVersionDate "2005.11.24"]
[SourceQuality "1"]

1. e4 c5 2. Nc3 Nc6 3. Nf3 e6 4. b3 d6 5. Be2 Nf6 6. 0-0 Be7 7. Bb2 a6 8. d4 cxd4 9. Nxd4 Qc7 10. Bf3 0-0 11. Nxc6 bxc6 12. Ne2 e5 13. c4 Be6 14. Ng3 Rad8 15. Rc1 Rfe8 16. Qc2 Bf8 17. Rfe1 g6 18. Qe2 c5 19. Nf1 Bg7 20. Ne3 Qe7 21. Ba1 Bd7 22. Rcd1 Bc6 23. Qc2 Qb7 24. Nd5 Bxd5 25. cxd5 Nd7 26. Bc3 Rf8 27. Ba5 Rb8 28. Bc3 Nb6 1-0